Airports Named for Famous People Quiz Stats

Quiz Updated Apr 7, 2015

Challenge
Share
Tweet
Embed
Score 0/20 Timer 05:00
0 Plays Today
% Correct
New York
93.6%
Chicago
90.5%
New York
89.7%
Little Rock
82.3%
Houston
81.6%
Washington D.C.
80.3%
New Orleans
78.4%
Washington D.C.
75.4%
Boston
73.5%
Atlanta
61.2%
% Correct
Burbank
60.2%
Grand Rapids
54%
Las Vegas
53.2%
Anchorage
47.5%
Oklahoma City
41.9%
Baltimore
37.5%
St. Louis
36.8%
Charlotte
36%
San Jose
28.9%
Milwaukee
28.6%

You're not logged in!

Compare scores with friends on all Sporcle quizzes.
Sign Up with Email
OR
Log In

You Might Also Like...

Show Comments

Extras

Top Quizzes Today


Score Distribution

Your Account Isn't Verified!

In order to create a playlist on Sporcle, you need to verify the email address you used during registration. Go to your Sporcle Settings to finish the process.